Hematologické príčiny juvenilnej metrorágie

Bibliographic Details
Main Author: Hronec, Miloslav, 1949- (Author)
Format: Article
Language:Slovak
PhysicalDescription:Tab. 1, lit. 12 zázn. v angl., poľš.
ISSN:1335-0862
Subjects:

MARC

LEADER 00000nab a2200000 a 4500
001 vtls000548048
003 SK-MaSNL
005 20260304090342.0
008 250425c1994 xo 0 slo
015 |a SNBRB19rr/mm-uuuuu 
035 |a CL0548186 
035 |a urn:nbn:sk:snk-ab6wh4 
035 |a (uuid)05e95776-1137-4848-9f96-bbf838db6f9b 
035 |a (urnnbn)urn:nbn:sk:snk:ar-a062mc 
035 |a (sysno)vtls000548048 
040 |a SNKBUCL  |b slo  |c SNKBUCL  |e AACR2 
041 0 |a slo 
044 |a xo  |c SK 
080 |a 618.174-005:616.151.5  |2 1981 
080 |a 616.151.5  |2 1981 
100 1 |a Hronec, Miloslav,  |d 1949-  |4 aut  |9 223180 
245 1 0 |a Hematologické príčiny juvenilnej metrorágie  |c Miloslav Hronec 
300 |b Tab. 1, lit. 12 zázn. v angl., poľš. 
650 0 7 |a metrorágia juvenilná  |2 snkbucl  |9 1381236 
650 0 7 |a choroby hematologické  |2 snkbucl  |9 990566 
655 7 |a články z novín a časopisov  |2 snkbucl  |9 267496 
773 0 |t Slovenská gynekológia a pôrodníctvo  |g Roč. 1, č. 4 (1994), s. 27-28  |x 1335-0862 
850 |a Slovenská národná knižnica 
852 |a Slovenská národná knižnica 
954 |a odborná, vedecká literatúra pôvodná (slovenská)  |2 lita 
958 |a article27 
958 |a NB 
958 |a RK 
958 |a MI 
958 |a OND 
958 |a EUIPO 
992 |a RBX 
999 |c 2811192  |d 2813122